| 000 | 00845nam a22001937a 4500 | ||
|---|---|---|---|
| 003 | BD-DhUL | ||
| 005 | 20190915095802.0 | ||
| 008 | 190915s2005 ii ||||| |||| 00| 0 ben d | ||
| 040 |
_aBD-DhUL _cBD-DhUL |
||
| 082 |
_a891.442009 _bMUB |
||
| 100 | 1 | _aমুখোপাধ্যায়, তরুণ। | |
| 245 | 1 | 0 |
_aবাদল সরকারের নাটকের পরা-পাঠ এবং ইন্দ্রজিৎ ও বাকি ইতিহাস / _cতরুণ মুখোপাধ্যায়। |
| 260 |
_aকলকাতা: _bকল্লোল, _c২০০৫। |
||
| 300 |
_a৮০ পৃ. ; _c২২ সেমি. |
||
| 365 |
_aIRS _b40.00 |
||
| 650 | 4 |
_aবাংলা নাটক _xইতিহাস ও সমালোচনা। |
|
| 650 | 4 |
_aBangla drama _xHistory and critisicm. |
|
| 942 |
_2ddc _cBK |
||
| 999 |
_c249733 _d249733 |
||